Albany law review

Detalles Bibliográficos
Autor Corporativo: Albany Law School
Formato: Desconocido
Lenguaje:inglés
Publicado: Albany, N.Y. : Albany Law School
Materias:
Acceso en línea:Acceso restringido

MARC

LEADER 00000ny a22000003n 4500
005 2011051101501.0
008 091216s aa 000 eng d
022 0 |a 0002-4678 
035 |a 2902 
040 |a MnMULS  |c MnMULS  |d vLex 
050 0 0 |a K1  |b .L324 
050 0 0 |a K1  |b .L324 
090 |c 1634  |d 1634 
245 0 0 |a Albany law review  |h [Recurso electrn̤ico] 
256 |a Servicio en ln̕ea 
260 |a Albany, N.Y. :  |b Albany Law School 
310 |a Trimestral 
506 1 |a Contenido solo disponible en los productos indicados  |d vLex Global  |d vLex Global (Academic Edition, excluding Law Schools)  |d vLex Global (Academic Edition, Law Schools) 
580 |a Beginning with 1996, absorbed: State constitutional commentaries and notes, as an annual special issue with title: State constitutional commentary. 
650 0 4 |a Derecho  |z Estados Unidos  |x Publicaciones perid̤icas 
650 0 4 |a Law 
710 2 |a Albany Law School 
740 |a vLex Revista (Servicios en ln̕ea) 
843 |a Electrn̤ica. Cerrada 
853 |8 1  |i (year)  |j (month)  |k (day) 
856 4 0 |u http://vlex.com/source/2902  |z Acceso restringido 
942 |c REV 
999 0 |a Law reviews  |z New York (State) 
999 0 |a Droit  |v Přiodiques. 
999 0 |a Revues de droit  |z New York (État)